<?xml version="1.0" encoding="UTF-8"?>
<record
    xmlns:xsi="http://www.w3.org/2001/XMLSchema-instance"
    xsi:schemaLocation="http://www.loc.gov/MARC21/slim http://www.loc.gov/standards/marcxml/schema/MARC21slim.xsd"
    xmlns="http://www.loc.gov/MARC21/slim">

  <leader>02207nam a22002537a 4500</leader>
  <controlfield tag="003">Uzh_bibl</controlfield>
  <controlfield tag="008">260501b        |||||||| |||| 00| 0 ukr d</controlfield>
  <datafield tag="020" ind1=" " ind2=" ">
    <subfield code="a">978-966-03-7919-0</subfield>
    <subfield code="c">110.00</subfield>
  </datafield>
  <datafield tag="040" ind1=" " ind2=" ">
    <subfield code="b">&#x443;&#x43A;&#x440;.</subfield>
  </datafield>
  <datafield tag="041" ind1=" " ind2=" ">
    <subfield code="2">ukr</subfield>
    <subfield code="a">ukr</subfield>
  </datafield>
  <datafield tag="080" ind1=" " ind2=" ">
    <subfield code="a">821(477)</subfield>
  </datafield>
  <datafield tag="090" ind1=" " ind2=" ">
    <subfield code="a">821(477)</subfield>
    <subfield code="b">&#x41A; 34</subfield>
  </datafield>
  <datafield tag="100" ind1=" " ind2=" ">
    <subfield code="a">&#x41A;&#x43E;&#x43B;&#x43E;&#x43C;&#x456;&#x439;&#x447;&#x443;&#x43A;,&#x411;&#x43E;&#x433;&#x434;&#x430;&#x43D;</subfield>
  </datafield>
  <datafield tag="245" ind1=" " ind2=" ">
    <subfield code="a">&#x41A;&#x43E;&#x440;&#x43E;&#x43B;&#x44C; &#x431;&#x43E;&#x43B;&#x44E;</subfield>
    <subfield code="c">&#x445;&#x443;&#x434;&#x43E;&#x436;.-&#x43E;&#x444;&#x43E;&#x440;&#x43C;. &#x412;.&#x41C;. &#x41A;&#x430;&#x440;&#x430;&#x441;&#x438;&#x43A;</subfield>
    <subfield code="h">&#x422;&#x435;&#x43A;&#x441;&#x442;</subfield>
  </datafield>
  <datafield tag="260" ind1=" " ind2=" ">
    <subfield code="a">&#x425;&#x430;&#x440;&#x43A;&#x456;&#x432;</subfield>
    <subfield code="b">&#x424;&#x43E;&#x43B;&#x456;&#x43E;</subfield>
    <subfield code="c">2017</subfield>
  </datafield>
  <datafield tag="300" ind1=" " ind2=" ">
    <subfield code="a">254 &#x441;.</subfield>
    <subfield code="f">&#x412; &#x43E;&#x43F;&#x440;.</subfield>
  </datafield>
  <datafield tag="520" ind1=" " ind2=" ">
    <subfield code="a">&#xAB;&#x41A;&#x43E;&#x440;&#x43E;&#x43B;&#x44C; &#x431;&#x43E;&#x43B;&#x44E;&#xBB; - &#x43D;&#x43E;&#x432;&#x438;&#x439; &#x430;&#x432;&#x430;&#x43D;&#x442;&#x44E;&#x440;&#x43D;&#x438;&#x439; &#x440;&#x43E;&#x43C;&#x430;&#x43D; &#x411;&#x43E;&#x433;&#x434;&#x430;&#x43D;&#x430; &#x41A;&#x43E;&#x43B;&#x43E;&#x43C;&#x456;&#x439;&#x447;&#x443;&#x43A;&#x430;. &#x414;&#x456;&#x44F; &#x442;&#x432;&#x43E;&#x440;&#x443; &#x432;&#x456;&#x434;&#x431;&#x443;&#x432;&#x430;&#x454;&#x442;&#x44C;&#x441;&#x44F; &#x432; XVI &#x441;&#x442;&#x43E;&#x43B;&#x456;&#x442;&#x442;&#x456; &#x443; &#x41B;&#x44C;&#x432;&#x43E;&#x432;&#x456;, &#x41F;&#x43E;&#x43C;&#x43E;&#x440;&#x44F;&#x43D;&#x430;&#x445;, &#x41A;&#x440;&#x430;&#x43A;&#x43E;&#x432;&#x456; &#x442;&#x430; &#x456;&#x43D;&#x448;&#x438;&#x445; &#x43C;&#x456;&#x441;&#x442;&#x430;&#x445; &#x434;&#x430;&#x432;&#x43D;&#x44C;&#x43E;&#x457; &#x420;&#x435;&#x447;&#x456; &#x41F;&#x43E;&#x441;&#x43F;&#x43E;&#x43B;&#x438;&#x442;&#x43E;&#x457;. &#x422;&#x443;&#x442; &#x437;&#x43D;&#x43E;&#x432;&#x443; &#x437;&#x2019;&#x44F;&#x432;&#x43B;&#x44F;&#x44E;&#x442;&#x44C;&#x441;&#x44F; &#x433;&#x435;&#x440;&#x43E;&#x457;, &#x437;&#x43D;&#x430;&#x439;&#x43E;&#x43C;&#x456; &#x447;&#x438;&#x442;&#x430;&#x447;&#x435;&#x432;&#x456; &#x437; &#x43F;&#x435;&#x440;&#x448;&#x43E;&#x457; &#x43A;&#x43D;&#x438;&#x433;&#x438; &#x430;&#x432;&#x442;&#x43E;&#x440;&#x430; &#xAB;&#x41B;&#x44E;&#x434;&#x432;&#x438;&#x441;&#x430;&#x440;. &#x406;&#x433;&#x440;&#x438; &#x432;&#x435;&#x43B;&#x44C;&#x43C;&#x43E;&#x436;&#xBB;: &#x43C;&#x430;&#x439;&#x441;&#x442;&#x435;&#x440;&#x43D;&#x438;&#x439; &#x441;&#x442;&#x440;&#x456;&#x43B;&#x435;&#x446;&#x44C; &#x456; &#x444;&#x435;&#x445;&#x442;&#x443;&#x432;&#x430;&#x43B;&#x44C;&#x43D;&#x438;&#x43A; &#x425;&#x440;&#x438;&#x441;&#x442;&#x43E;&#x444;, &#x43D;&#x430;&#x439;&#x43C;&#x430;&#x43D;&#x446;&#x456; &#x41A;&#x430;&#x437;&#x438;&#x43C;&#x438;&#x440; &#x442;&#x430; &#x41E;&#x440;&#x435;&#x441;&#x442;, &#x43B;&#x456;&#x43A;&#x430;&#x440; &#x414;&#x43E;&#x43C;&#x456;&#x43D;&#x456;&#x43A; &#x413;&#x435;&#x43F;&#x43D;&#x435;&#x440; &#x442;&#x430; &#x456;&#x43D;&#x448;&#x456;.

&#x412; 1572 &#x440;&#x43E;&#x446;&#x456; &#x43F;&#x43E;&#x43C;&#x438;&#x440;&#x430;&#x454; &#x43A;&#x43E;&#x440;&#x43E;&#x43B;&#x44C; &#x420;&#x435;&#x447;&#x456; &#x41F;&#x43E;&#x441;&#x43F;&#x43E;&#x43B;&#x438;&#x442;&#x43E;&#x457; &#x421;&#x456;&#x433;&#x456;&#x437;&#x43C;&#x443;&#x43D;&#x434; &#x406;&#x406;, &#x437;&#x430;&#x431;&#x438;&#x440;&#x430;&#x44E;&#x447;&#x438; &#x437; &#x441;&#x43E;&#x431;&#x43E;&#x44E; &#x431;&#x435;&#x437;&#x43B;&#x456;&#x447; &#x442;&#x430;&#x454;&#x43C;&#x43D;&#x438;&#x446;&#x44C;. &#x422;&#x430; &#x43E;&#x434;&#x43D;&#x443; &#x432;&#x456;&#x43D; &#x43C;&#x443;&#x441;&#x438;&#x442;&#x44C; &#x43F;&#x435;&#x440;&#x435;&#x434;&#x430;&#x442;&#x438; &#x432; &#x43D;&#x430;&#x434;&#x456;&#x439;&#x43D;&#x456; &#x440;&#x443;&#x43A;&#x438;, &#x43D;&#x430;&#x432;&#x456;&#x442;&#x44C; &#x44F;&#x43A;&#x449;&#x43E; &#x434;&#x43E;&#x432;&#x435;&#x434;&#x435;&#x442;&#x44C;&#x441;&#x44F; &#x434;&#x43E;&#x43C;&#x43E;&#x432;&#x438;&#x442;&#x438;&#x441;&#x44F; &#x437; &#x441;&#x430;&#x43C;&#x43E;&#x44E; &#x421;&#x43C;&#x435;&#x440;&#x442;&#x44E; &#x43F;&#x440;&#x43E; &#x449;&#x435; &#x43E;&#x434;&#x438;&#x43D; &#x434;&#x435;&#x43D;&#x44C; &#x436;&#x438;&#x442;&#x442;&#x44F;&#x2026;

&#x421;&#x435;&#x440;&#x435;&#x434;&#x43D;&#x44C;&#x43E;&#x432;&#x456;&#x447;&#x447;&#x44F; &#x43F;&#x440;&#x435;&#x434;&#x441;&#x442;&#x430;&#x432;&#x43B;&#x435;&#x43D;&#x435; &#x432; &#x440;&#x43E;&#x43C;&#x430;&#x43D;&#x456; &#x446;&#x456;&#x43A;&#x430;&#x432;&#x43E; &#x442;&#x430; &#x437;&#x430;&#x445;&#x43E;&#x43F;&#x43B;&#x44E;&#x44E;&#x447;&#x435;, &#x430; &#x43A;&#x430;&#x440;&#x43A;&#x43E;&#x43B;&#x43E;&#x43C;&#x43D;&#x456; &#x43C;&#x456;&#x441;&#x442;&#x438;&#x447;&#x43D;&#x456; &#x442;&#x430; &#x435;&#x440;&#x43E;&#x442;&#x438;&#x447;&#x43D;&#x456; &#x43F;&#x440;&#x438;&#x433;&#x43E;&#x434;&#x438; &#x43F;&#x435;&#x440;&#x441;&#x43E;&#x43D;&#x430;&#x436;&#x456;&#x432; &#x440;&#x43E;&#x431;&#x43B;&#x44F;&#x442;&#x44C; &#x446;&#x44E; &#x43A;&#x43D;&#x438;&#x433;&#x443; &#x43E;&#x434;&#x43D;&#x456;&#x454;&#x44E; &#x437; &#x43D;&#x430;&#x439;&#x43A;&#x440;&#x430;&#x449;&#x438;&#x445; &#x432; &#x434;&#x43E;&#x440;&#x43E;&#x431;&#x43A;&#x443; &#x41A;&#x43E;&#x43B;&#x43E;&#x43C;&#x456;&#x439;&#x447;&#x443;&#x43A;&#x430;.</subfield>
  </datafield>
  <datafield tag="521" ind1=" " ind2=" ">
    <subfield code="a">&#x414;&#x43B;&#x44F; &#x448;&#x438;&#x440;&#x43E;&#x43A;&#x43E;&#x433;&#x43E; &#x43A;&#x43E;&#x43B;&#x430; &#x447;&#x438;&#x442;&#x430;&#x447;&#x456;&#x432;</subfield>
  </datafield>
  <datafield tag="546" ind1=" " ind2=" ">
    <subfield code="a">&#x443;&#x43A;&#x440;.</subfield>
  </datafield>
  <datafield tag="650" ind1=" " ind2=" ">
    <subfield code="a">&#x41B;&#x456;&#x442;&#x435;&#x440;&#x430;&#x442;&#x443;&#x440;&#x43D;&#x43E; - &#x445;&#x443;&#x434;&#x43E;&#x436;&#x43D;&#x454; &#x432;&#x438;&#x434;&#x430;&#x43D;&#x43D;&#x44F;</subfield>
  </datafield>
  <datafield tag="653" ind1=" " ind2=" ">
    <subfield code="a">&#x422;&#x430;&#x454;&#x43C;&#x43D;&#x438;&#x446;&#x456;</subfield>
    <subfield code="a">&#x41C;&#x456;&#x441;&#x442;&#x438;&#x43A;&#x430;</subfield>
  </datafield>
  <datafield tag="655" ind1=" " ind2=" ">
    <subfield code="a">&#x41F;&#x440;&#x43E;&#x437;&#x430;</subfield>
    <subfield code="v">&#x430;&#x432;&#x430;&#x43D;&#x442;&#x44E;&#x440;.&#x440;&#x43E;&#x43C;&#x430;&#x43D;</subfield>
    <subfield code="y">XVI &#x441;&#x442;.</subfield>
    <subfield code="z">&#x41B;&#x44C;&#x432;&#x456;&#x432;,&#x41A;&#x440;&#x430;&#x43A;&#x456;&#x432; </subfield>
  </datafield>
  <datafield tag="942" ind1=" " ind2=" ">
    <subfield code="2">udc</subfield>
    <subfield code="c">BK</subfield>
  </datafield>
  <datafield tag="999" ind1=" " ind2=" ">
    <subfield code="c">17607</subfield>
    <subfield code="d">17607</subfield>
  </datafield>
  <datafield tag="952" ind1=" " ind2=" ">
    <subfield code="0">0</subfield>
    <subfield code="1">0</subfield>
    <subfield code="2">udc</subfield>
    <subfield code="4">0</subfield>
    <subfield code="7">0</subfield>
    <subfield code="a">F5</subfield>
    <subfield code="b">F5</subfield>
    <subfield code="c">ABP</subfield>
    <subfield code="d">2026-05-01</subfield>
    <subfield code="i">73305</subfield>
    <subfield code="l">0</subfield>
    <subfield code="o">821(477)</subfield>
    <subfield code="p">4149</subfield>
    <subfield code="r">2026-05-01</subfield>
    <subfield code="w">2026-05-01</subfield>
    <subfield code="y">BK</subfield>
  </datafield>
</record>
